Регионална библиотека "Любен Каравелов" - Русе

Николай Кънчев в българската литература и култура (Запис номер 86762)

MARC детайли
000 -Лидер
Контролно поле с фиксирана дължина 02151nam a2200457 c 4500
003 - Код на организацията, давaща контролен номер
Контролно поле BLK
005 - Дата и час на последна редакция
Контролно поле 20241216112108.0
008 - Елементи от данни с фиксирана дължина
fixed length control field 180408b bul|||||r ||||||| ||bul||
010 ## - Наследен системен номер
LC control number KNG00091389000
020 ## - Международен стандартен номер на книга ISBN
Международен стандартен номер на книга ISBN 978-954-533-088-9
-- издат.: Кралица МАБ
040 ## - Източник на каталожния запис
Идентификатор на билиотеката - собственик на записа BLK
041 ## - Код за език
Код за езика на текст/звукозапис или на отделно заглавие Български
Код за езика КДБФ Български
080 ## - УДК
Текстов определител УДК Българска литература
УДК код - определител по УДК 821.163.2
УДК определител (092)
УДК - код + определител 821.163.2(092)
080 ## - УДК
Текстов определител УДК Българска литература
УДК код - определител по УДК 821.163.2
УДК определител -1.09
УДК - код + определител 821.163.2-1.09
080 ## - УДК
Текстов определител УДК Николай Кънчев Христов. Български поет
УДК код - определител по УДК 929 Кънчев, Николай
УДК определител
УДК - код + определител 929 Кънчев, Николай
139 ## - Редно поле
Редна дума Николай Кънчев в българската литература и култура
Авторски знак Към - К 96
245 10 - Сведения за заглавието
Заглавие Николай Кънчев в българската литература и култура
Подзаглавни данни Изследвания, статии, есета
Редно поле (дума) състав. и предг. от Пламен Иванов Дойнов.
257 ## - Страна на издаване
Страна на създаване/издаване България
260 ## - Област на издателските данни
-- София
Име на издателя, разпространителя и проч. Кралица МАБ
Година на издаване 2008
Печатница София : Експреспринт
300 ## - Физическа характеристика
Страници 160 с.
Размери/Мащаб 20 см
380 ## - Жанр
Жанр Литературознание
490 1# - СЕРИИ (Колекции)
Име на серия Библиотека Личности
№: серия кн. 1
500 ## - Общи забележки
Забележка Пълното име на Н. Кънчев е Николай Кънчев Христов.
600 14 - Име на лице, използвано като предмет
За него / За нея Кънчев, Николай
9 (RLIN) 270747
650 #4 - Допълнително описание по предмет – тема
Основно описание – тема или топоним Кънчев, Николай
9 (RLIN) 270747
650 #4 - Допълнително описание по предмет – тема
Основно описание – тема или топоним Поети, български - творчество
9 (RLIN) 250545
650 #4 - Допълнително описание по предмет – тема
Основно описание – тема или топоним Поезия, българска - теми, образи, сюжети
9 (RLIN) 242871
653 ## - Ключова дума – ненормативна
Ключова дума Николай Кънчев
653 ## - Ключова дума – ненормативна
Ключова дума български поети
653 ## - Ключова дума – ненормативна
Ключова дума литературна критика
653 ## - Ключова дума – ненормативна
Ключова дума изследвания
653 ## - Ключова дума – ненормативна
Ключова дума статии
653 ## - Ключова дума – ненормативна
Ключова дума есета
700 ## - Други автори (авторска отговорност)
Лично име Дойнов, Пламен Иванов
9 (RLIN) 369012
852 ## - Местоположение
Форматна сигнатура Цб 245327
856 4# - Електронен адрес и достъп
Електронен формат pdf - файл
Път до файла /url/
856 4# - Електронен адрес и достъп
Електронен формат pdf - файл
Път до файла /url/
942 ## - АРТИКУЛИ
Вид на библиотечния материал Книги
Скрит в OPAC Не
944 ## - СЪЗДАВАНЕ И РЕДАКЦИЯ на ЗАПИСА
Създаване/Редакция Създаване
Дата на регистрацията/редакция 14.09.2009
Статус, дата на статуса Кети Илиева
Служител, извършил регистрацията/редакцията 30550
944 ## - СЪЗДАВАНЕ И РЕДАКЦИЯ на ЗАПИСА
Създаване/Редакция Редакция
Дата на регистрацията/редакция 24.02.2015
Статус, дата на статуса ф /
Служител, извършил регистрацията/редакцията Людмила_Стоянова
999 ## - СИСТЕМНИ КОНТРОЛНИ НОМЕРА
Koha biblionumber 86762
Koha biblioitemnumber 86762
Наличности
Код за отписване Код за изгубен артикул Код за повреда Коз за рестрикции Код за отдаване Артикулен № Име на библиотеката - собственик Име на библиотеката, в която се намира в момента Статус (Текущо местоположение) Дата на вписване в системата Местоположение - отдел Цена в лева Инвентарен номер Систематично азбучна сигнатура Баркод Номер на екземпляра Цена в евро Служебна бележка Служебен тип на артикула Източник на класификационната схема
  Не е изгубен Не е повреден без рестрикции ползва се в читалня 140410 Регионална библиотека "Любен Каравелов" Русе Регионална библиотека "Любен Каравелов" Русе Хранилище 2009-09-14 Хранилище 7.00 120000738094 Цб 245327 120000738094 1 3.58 Дост: Dp Вид: Д N: 13 Дата: 18.03.2009 Книги  
  Не е изгубен Не е повреден без рестрикции заемане за дома 140411 Регионална библиотека "Любен Каравелов" Русе Регионална библиотека "Любен Каравелов" Русе Заемна - подръчен фонд 2014-11-24 Заемна - подръчен фонд 4.55 120000782600 П 821.163.2.09(092)/К 96 120000782600 2 2.33 Дост: Pk Вид: Ф N: 730 Дата: 18.11.2014 Дата инв: 07.02.2018 Бележки инв: П2018 Книги Universal Decimal Classification
Vip Innovations Ltd, Rousse, Bulgaria 2025